เปลี่ยนเป็นภาษาไทย

Change to English
 แสดงรายละเอียดบรรณานุกรม
  กลับหน้าหลัก

Brief Record : Get Marc (ISO 2709) : E-mail record : QR code ปิดหน้าต่าง
LEADER 01174nam 2200277 a 4500
001    16801
003     ULIBM
008    030417s2550 caua sb 001 0 tha
020    ^a974-7233-96-7
060    ^aBD435^bค 335 น
100    ^aคาร์เรน เวบบ์
245    ^aนพลักษณ์ แผนที่เข้าถึงคนเข้าถึงตน
260    ^c2550
500    ^aเงินงบประมาณประจำปี
913    ^aImported by ULIBM Administrator
949    ^aImport form external file by ULIBM system
รายการนี้ยังไม่มีแท็ก
คุณยังไม่ได้ล็อกอิน คุณสามารถมีกิจกรรมร่วมกับเว็บไซต์ได้ แต่ต้องล็อกอินก่อน ::
  ล็อกอิน
ลำดับที่ ประเภท เลขเรียก/บาร์โค้ด สถานที่ สถานะ
1. หนังสือ
หนังสือ
2550  
  Barcode: 0002087
หนังสือทั่วไป On Shelf
   [แสดง 1/1 รายการ]

BibComment


ยังไม่เคยถูกคอมเมนท์

คอมเมนท์ทรัพยากรรายการนี้
  คอมเมนท์: นพลักษณ์ แผนที่เ..
Bib 16801


 Union Library Management : ULibM
Copyright 2026. All Rights Reserved.